EDULEARN17 conference proceedings : 9th international conference on education and new learning technologies : Barcelona, Spain, 3rd-5th of july, 2017

Na minha lista:
Detalhes bibliográficos
Autor Corporativo: EDULEARN17. International conference on education and new learning technologies
Outros Autores: Gómez Chova, L., López Martínez, A., Candel Torres, I.
Formato: Livro
Idioma:inglês
Publicado em: Valencia IATED Academy 2017
Edição:1st ed.
Assuntos:
Tags: Adicionar Tag
Sem tags, seja o primeiro a adicionar uma tag!

MARC

LEADER 00000nlm a2200000 4500
001 0235661
005 20221221133811.4
020 |a 978-84-697-3777-4 
022 |a 2340-1117 
041 0 |a eng 
044 |a ES 
245 1 0 |a EDULEARN17  |b conference proceedings : 9th international conference on education and new learning technologies : Barcelona, Spain, 3rd-5th of july, 2017  |c edited by: L. Gómez Chova, A. López Martínez, I. Candel Torres 
250 |a 1st ed. 
264 1 |a Valencia  |b IATED Academy  |c 2017 
300 |a online [10533 s.] 
610 2 0 |a vzdelávanie 
610 2 0 |a vzdelanie 
610 2 0 |a vzdelanosť 
610 2 0 |a vyučovanie 
610 2 0 |a technológie nové 
610 2 0 |a technológie informačné 
610 2 0 |a technológie komunikačné 
610 2 0 |a školy 
610 2 0 |a školstvo 
700 1 |a Gómez Chova, L. 
700 1 |a López Martínez, A. 
700 1 |a Candel Torres, I. 
110 2 |a EDULEARN17. International conference on education and new learning technologies